Acteurs Le Seigneur des Anneaux et Le Hobbit - Statistiques

Statistiques générales
  • Ce quiz a été pris 1 117 fois
  • Le résultat moyen est 23 sur 31
Statistiques - réponses
Interprète Personnage % Correct
Elijah Wood Frodon Sacquet
99%
Ian Mckellen Gandalf
99%
Orlando Bloom Legolas
99%
Viggo Mortensen Aragorn
98%
Sean Astin Sam Gamegie
97%
Cate Blanchett Galadriel
94%
Sean Bean Boromir
92%
John Rhys-Davies Gimli/Sylvebarbe
91%
Dominic Monaghan Meriadoc Brandebouc
90%
Christopher Lee Saroumane
90%
Ian Holm / Martin Freeman Bilbon Sacquet
89%
Hugo Weaving Elrond
88%
Billy Boyd Peregrin Touque
88%
Andy Serkis Gollum/Smeagol
87%
Liv Tyler Arwen
85%
David Wenham Faramir
82%
Miranda Otto Eowyn
76%
Bernard Hill Théoden
75%
Richard Armitage Thorin Ecu de Chêne
71%
Karl Uban Eomer
70%
Benedict Cumberbatch Smaug
68%
Sala Baker Sauron
63%
Evangeline Lilly Tauriel
57%
John Noble Denethor
56%
Luke Evans Bard
53%
Lee Pace Thranduil
52%
Brad Dourif Grima Langue de Serpent
43%
Manu Benett Azog le Profanateur
36%
Lawrence Makoare Roi Sorcier d'Angmar/Lurtz/Bolg
35%
Craig Parker Haldir
26%
Mikael Persbrandt Beorn
22%
Aucun quiz correspondant
Distribution des résultats
% des personnes avec chaque résultat
Percentile par nombre de réponses
Votre historique - résultats
Vous n’avez pas pris ce quiz